Loading...
| Fine Arts - Classical Music and Opera | 5 | 16.00 | 80% | 60% | 20% |
| Fine Arts - Other Arts | 5 | 14.00 | 80% | 60% | 0% |
| Fine Arts - Painting and Sculpture | 5 | 12.00 | 80% | 40% | 0% |
| Geography | 3 | 10.00 | 67% | 33% | 0% |
| History - American History | 7 | 15.71 | 86% | 57% | 14% |
| History - European History | 8 | 12.50 | 100% | 25% | 0% |
| History - Other History | 5 | 18.00 | 100% | 60% | 20% |
| History - World History | 7 | 14.29 | 71% | 57% | 14% |
| Literature - American Literature | 7 | 11.43 | 86% | 29% | 0% |
| Literature - British Literature | 4 | 12.50 | 100% | 25% | 0% |
| Literature - European Literature | 4 | 17.50 | 100% | 50% | 25% |
| Literature - World Literature | 4 | 17.50 | 100% | 75% | 0% |
| Mythology | 4 | 10.00 | 100% | 0% | 0% |
| Other Academic | 3 | 6.67 | 67% | 0% | 0% |
| Other Culture | 2 | 0.00 | 0% | 0% | 0% |
| Other Science (Astronomy) | 2 | 10.00 | 100% | 0% | 0% |
| Other Science (Computer Science) | 1 | 0.00 | 0% | 0% | 0% |
| Other Science (Engineering) | 1 | 10.00 | 100% | 0% | 0% |
| Other Science (Math) | 1 | 10.00 | 100% | 0% | 0% |
| Other Science (Mixed/Any) | 1 | 10.00 | 100% | 0% | 0% |
| Philosophy | 6 | 16.67 | 100% | 50% | 17% |
| Religion | 5 | 8.00 | 80% | 0% | 0% |
| Science - Biology | 4 | 5.00 | 50% | 0% | 0% |
| Science - Chemistry | 4 | 5.00 | 50% | 0% | 0% |
| Science - Physics | 3 | 3.33 | 33% | 0% | 0% |
| Social Science | 4 | 10.00 | 100% | 0% | 0% |